| 000 | 00600nam a2200193 u 4500 | ||
|---|---|---|---|
| 005 | 20240314063642.0 | ||
| 008 | 110926s2007 ea r 000 0 spa d | ||
| 020 | _a1404268650 | ||
| 035 | _aUPN01000181923 | ||
| 049 | _aI | ||
| 050 | 4 |
_aPZ8 _bW5.4 |
|
| 100 | 1 |
_aWilliams, Zachary _931964 |
|
| 245 | 1 | 1 |
_a¿Leones en la biblioteca? / _cZachary Williams ; tr. María Cristina Brusca. |
| 260 |
_aNew York, E.U.A. : _bThe Rosen Publishing Group, _c2007. |
||
| 300 |
_a12 p. : _bil. col. |
||
| 440 | 0 | _aLecturas del barrio | |
| 650 | 4 |
_aCuentos infantiles estadounidenses _910762 |
|
| 905 | _aInfantil | ||
| 999 |
_c154026 _d154026 |
||